000 00852nam a22002177a 4500
003 UA-OsUOA
001 70730
007 ta
008 20100914b un ||||| |||| 00| 0 ukr d
100 _aФедотова Н.А.
090 _a659
_bФ34
942 _cSA
040 _aUA-OsUOA
_brus
_cUA-OsUOA
_dUA-OsUOA
245 _aРекреативные функции СМИ: содержание, структура и гуманистический потенциал
300 _aС.126-138
955 _a0
041 _arus
080 _a659
773 0 _w70728
_tВестник Московского университета. Серия 10. Журналистика
_dМ.
_d2010
_g1
650 7 _a659 Реклама. Система інформації. Громадська інформація та реклама (Паблик-Рилейшнз)
_2UDC
999 _c357003
_d357003